Aerial manoeuvres (Record no. 68842)

MARC details
000 -LEADER
fixed length control field 01150cam a2200241 4500
001 - CONTROL NUMBER
control field WB3743-30
008 - FIXED-LENGTH DATA ELEMENTS--GENERAL INFORMATION
fixed length control field 011114n2001 000 0 eng u
035 ## - SYSTEM CONTROL NUMBER
System control number (Sirsi) u115591
245 ## - TITLE STATEMENT
Title Aerial manoeuvres
260 ## - PUBLICATION, DISTRIBUTION, ETC.
Date of publication, distribution, etc. 2001
490 ## - SERIES STATEMENT
Series statement Estates Gazette
Volume/sequential designation (0145) 10 November 2001, 137(1)
520 ## - SUMMARY, ETC.
Summary, etc. Discusses "Farley v Skinner" in which HL upheld the client's claim for damages for distress against a chartered surveyor for failing to carry out agreed 'extra' investigations into whether the house which the client was considering purchasing would be affected by aircraft noise. Highlights the extent of a surveyor's responsibility to his client. Judgement available at http://www.parliament.the-stationery-office.co.uk/pa/ld200102/ldjudgmt/jd011011/farley-1.htm.
590 ## - LOCAL NOTE (RLIN)
Local note WB
650 ## - SUBJECT ADDED ENTRY--TOPICAL TERM
Topical term or geographic name entry element FARLEY V SKINNER
650 ## - SUBJECT ADDED ENTRY--TOPICAL TERM
Topical term or geographic name entry element DAMAGES
650 ## - SUBJECT ADDED ENTRY--TOPICAL TERM
Topical term or geographic name entry element AIRCRAFT NOISE
650 ## - SUBJECT ADDED ENTRY--TOPICAL TERM
Topical term or geographic name entry element NEGLIGENCE
650 ## - SUBJECT ADDED ENTRY--TOPICAL TERM
Topical term or geographic name entry element DISTRESS
650 ## - SUBJECT ADDED ENTRY--TOPICAL TERM
Topical term or geographic name entry element INCONVENIENCE
690 ## - LOCAL SUBJECT ADDED ENTRY--TOPICAL TERM (OCLC, RLIN)
Topical term or geographic name as entry element MANAGEMENT-BUSINESS MANAGEMENT-PROFESSIONAL PRACTICE
856 ## - ELECTRONIC LOCATION AND ACCESS
Uniform Resource Identifier <a href="https://www.parliament.the-stationery-office.co.uk/pa/ld200102/ldjudgmt/jd011011/farley-1.htm">https://www.parliament.the-stationery-office.co.uk/pa/ld200102/ldjudgmt/jd011011/farley-1.htm</a>
942 ## - ADDED ENTRY ELEMENTS (KOHA)
Suppress in OPAC 0
Holdings
Withdrawn status Lost status Source of classification or shelving scheme Damaged status Not for loan Home library Current library Shelving location Date acquired Total Checkouts Full call number Barcode Date last seen Copy number Price effective from Koha item type
    Dewey Decimal Classification     London London News article 14/11/2001   WB3743-30 115591-1001 06/08/2019 1 06/08/2019 News article